La ópera Lohengrin en Madrid (Record no. 161673)

MARC details
000 -LEADER
campo de control de longitud fija 00904nam a22002295i 4500
001 - NÚMERO DE CONTROL
campo de control 161673
003 - IDENTIFICADOR DE NÚMERO DE CONTROL
campo de control ES-MaACL
005 - FECHA Y HORA DE LA ÚLTIMA TRANSACCIÓN
campo de control 20250720063054.0
008 - DATOS DE LONGITUD FIJA--INFORMACIÓN GENERAL
campo de control de longitud fija 041022s1881 sp |||| | spa d
040 ## - FUENTE DE CATALOGACIÓN
Centro catalogador/agencia de origen CAM
Lengua de catalogación spa
Centro/agencia transcriptor CAM
100 1# - ENTRADA PRINCIPAL--NOMBRE DE PERSONA
Nombre de persona Peña y Goñi, Antonio,
Fechas asociadas al nombre 1846-1896
9 (RLIN) 90290
245 13 - MENCIÓN DEL TÍTULO
Título La ópera Lohengrin en Madrid
Resto del título : cuatro palabras antes de la representacion.
260 ## - PUBLICACIÓN, DISTRIBUCIÓN, ETC.
Lugar de publicación, distribución, etc. Madrid :
Nombre del editor, distribuidor, etc. [s.n.],
Fecha de publicación, distribución, etc. 1881 (
Fabricante Imprenta de J.M. Ducazcal)
300 ## - DESCRIPCIÓN FÍSICA
Extensión 16 p. ;
Dimensiones 22 cm.
594 ## - Nota al título y mención de responsabilidad
Nota al título y mención de responsabilidad En la cub. de la obra hay una anot. ms. que atribuye esta obra a Antonio Peña y Goñi.
596 ## - NOTA AL PIE DE IMPRENTA
NOTA AL PIE DE IMPRENTA Pie de imp. tomado de verso de la port.
600 17 - PUNTO DE ACCESO ADICIONAL DE MATERIA--NOMBRE DE PERSONA
Nombre de persona Wagner, Richard,
Fechas asociadas al nombre 1813-1883-
Título de la obra Lohengrin
Fuente del encabezamiento o término
9 (RLIN) 154998
852 ## - LOCALIZACIÓN
Ubicación ES-MaACL
Número de control de estantería T-704-F-1
Nota libre -- Enc. hol. conservando la cub. original
-- -- Enc. en un vol. facticio
852 ## - LOCALIZACIÓN
Ubicación ES-MaACL
Número de control de estantería T-1175-F-3
942 ## - ELEMENTOS DE ENTRADA SECUNDARIOS (KOHA)
Fuente del sistema de clasificación o colocación Clasificación decimal universal
Holdings
Estatus retirado Estado de pérdida Fuente del sistema de clasificación o colocación Estado de daño No para préstamo Colección Biblioteca de origen Biblioteca actual Ubicación en estantería Fecha de adquisición Total de préstamos Signatura topográfica completa Código de barras Visto por última vez Precio de reemplazo Tipo de ítem Koha
    Clasificación decimal universal     Colección de folletos Biblioteca del Ateneo de Madrid Biblioteca del Ateneo de Madrid Depósito folletos 17/07/2014   T-1175-F-3 1192921 23/02/2023 23/02/2023 Folleto
          Colección de folletos Biblioteca del Ateneo de Madrid Biblioteca del Ateneo de Madrid Depósito folletos 17/01/2008   T-704-F-1 1169352 23/02/2023 23/02/2023 Folleto